Pays en 5 lettres - Statistiques

Statistiques générales
  • Ce quiz a été pris 360 fois
  • Le résultat moyen est 19 sur 25
Statistiques - réponses
Pays % Correct
Chine
91%
Japon
90%
Maroc
86%
Chili
81%
Pérou
81%
Yémen
81%
Qatar
80%
Fidji
79%
Liban
79%
Libye
78%
Gabon
76%
Ghana
76%
Suède
74%
Bénin
73%
Haïti
73%
Népal
73%
Niger
73%
Syrie
73%
Grèce
72%
Tonga
72%
Kenya
70%
Malte
69%
Samoa
68%
Nauru
67%
Tchad
66%
Aucun quiz correspondant
Distribution des résultats
% des personnes avec chaque résultat
Percentile par nombre de réponses
Votre historique - résultats
Vous n’avez pas pris ce quiz